Národný akčný plán pre problémy s alkoholom (NAPPA) na obdobie 2006-2010

Podrobná bibliografia
Hlavný autor: Stowasserová, Nadežda (Autor)
Médium: Článok
Jazyk:slovenčina
ISSN:1336-9679
Predmet:

MARC

LEADER 00000nab a2200000 ar4500
001 vtls008887753
003 SK-MaSNL
005 20260303061739.0
008 061204c2006 xo qr|p|||||||000 b|slo
015 |a SNBRB2006/11  |2 snkbucl 
038 |a SNKBUCL 
040 |a SNKBUCL  |b slo  |c SNKBUCL  |e AACR2 
041 0 |a slo 
044 |a xo  |c SK 
080 |a 613.8  |2 UDC-MRF-SK2 
100 1 |a Stowasserová, Nadežda  |4 aut  |9 800323 
245 1 0 |a Národný akčný plán pre problémy s alkoholom (NAPPA) na obdobie 2006-2010  |c Nadežda Stowasserová 
610 2 7 |a Národný akčný plán pre problémy s alkoholom  |2 snkbucl  |9 1056446 
648 7 |a na r. 2006-2010  |2 snkbucl  |9 1056447 
650 0 7 |a alkohol  |2 snkbucl  |9 15497 
773 0 |t Sociálna prevencia : Prevencia - alkohol a legálne drogy  |g Roč. I, č. 3 (2006), s. 10-11  |x 1336-9679 
852 |a SNK  |b KIS3GCP 
958 |a MI 
999 |c 1736632  |d 1738562